KOHA-Header-6

Database Principles Fundamentals of Design Implementation and Management (Record no. 1227)

000 -LEADER
fixed length control field 00378nam a2200133Ia 4500
008 - FIXED-LENGTH DATA ELEMENTS--GENERAL INFORMATION
fixed length control field 190723s9999 xx 000 0 und d
020 ## - INTERNATIONAL STANDARD BOOK NUMBER
International Standard Book Number 978-81-315-1736-9
100 ## - MAIN ENTRY--PERSONAL NAME
Personal name Coronel Morris Rob
245 #0 - TITLE STATEMENT
Title Database Principles Fundamentals of Design Implementation and Management
250 ## - EDITION STATEMENT
Edition statement 9th
260 ## - PUBLICATION, DISTRIBUTION, ETC. (IMPRINT)
Place of publication, distribution, etc New Delhi
Name of publisher, distributor, etc Cengage learning
Date of publication, distribution, etc 2011
300 ## - PHYSICAL DESCRIPTION
Extent 698
942 ## - ADDED ENTRY ELEMENTS (KOHA)
Koha item type Books
Holdings
Withdrawn status Lost status Damaged status Not for loan Collection code Permanent Location Current Location Shelving location Date acquired Full call number Barcode Date last seen Price effective from Koha item type
        Computer Science MAJU MAJU Shelf No.A33 2019-07-23 5.74 7852 2019-07-23 2019-07-23 Computer Science

Powered by Koha